Online katalóg knižníc regiónu Turca

90-dňová rozlišovacia diéta (Record no. 20670)

MARC details
000 -LEADER
fixed length control field 01589nam a2200505 a 4500
001 - CONTROL NUMBER
control field 20670
003 - CONTROL NUMBER IDENTIFIER
control field VRT
005 - DATE AND TIME OF LATEST TRANSACTION
control field 20260128151107.0
008 - FIXED-LENGTH DATA ELEMENTS--GENERAL INFORMATION
fixed length control field 090318s2008 xo g f 000 0 slo d
015 ## - NATIONAL BIBLIOGRAPHY NUMBER
National bibliography number SNBA2009/02-00588
020 ## - INTERNATIONAL STANDARD BOOK NUMBER
International Standard Book Number 9788096969036 (brož.)
035 ## - SYSTEM CONTROL NUMBER
System control number (VRT)vtls009465515
039 #9 - LEVEL OF BIBLIOGRAPHIC CONTROL AND CODING DETAIL [OBSOLETE]
Level of rules in bibliographic description 200906231010
Level of effort used to assign nonsubject heading access points mato
Level of effort used to assign subject headings 200906101414
Level of effort used to assign classification argo
Level of effort used to assign subject headings 200903180804
Level of effort used to assign classification edita
040 ## - CATALOGING SOURCE
Original cataloging agency SNK
Language of cataloging slo
Transcribing agency UKB
Description conventions AACR2
041 1# - LANGUAGE CODE
Language code of text/sound track or separate title slo
Language code of original slv
044 ## - COUNTRY OF PUBLISHING/PRODUCING ENTITY CODE
MARC country code xo
ISO country code SK
072 #7 - SUBJECT CATEGORY CODE
Subject category code 641
Subject category code subdivision Kuchárstvo. Potraviny. Varené jedlá
Source konspekt
080 ## - UNIVERSAL DECIMAL CLASSIFICATION NUMBER
Universal Decimal Classification number 641.561
Edition identifier 2001
080 ## - UNIVERSAL DECIMAL CLASSIFICATION NUMBER
Universal Decimal Classification number (083.12)
Edition identifier 2001
080 ## - UNIVERSAL DECIMAL CLASSIFICATION NUMBER
Universal Decimal Classification number (035)
Edition identifier 2001
100 1# - MAIN ENTRY--PERSONAL NAME
Personal name Hrobat, Breda
240 10 - UNIFORM TITLE
Uniform title 90-dnevna ločevalna dieta.
Language of a work Slovensky
245 10 - TITLE STATEMENT
Title 90-dňová rozlišovacia diéta
Remainder of title chutné jedlá na 90 dní
Statement of responsibility, etc. Breda Hrobat, Mojca Poljanšek ; [zo slovinského originálu preložila a upravila Marianna Lesič]
246 3# - VARYING FORM OF TITLE
Title proper/short title Deväťdesiatdňová rozlišovacia diéta
250 ## - EDITION STATEMENT
Edition statement 4. vyd.
260 ## - PUBLICATION, DISTRIBUTION, ETC.
Place of publication, distribution, etc. Bratislava
Name of publisher, distributor, etc. Trysk
Date of publication, distribution, etc. 2008
300 ## - PHYSICAL DESCRIPTION
Extent 91 s.
500 ## - GENERAL NOTE
General note Názov z obalu
650 07 - SUBJECT ADDED ENTRY--TOPICAL TERM
Topical term or geographic name entry element rozlišovacia diéta
Source of heading or term UKBPH
650 07 - SUBJECT ADDED ENTRY--TOPICAL TERM
Topical term or geographic name entry element redukčné diéty
Source of heading or term SNKPH
653 ## - INDEX TERM--UNCONTROLLED
Uncontrolled term 641.561
653 ## - INDEX TERM--UNCONTROLLED
Uncontrolled term (083.12)
653 ## - INDEX TERM--UNCONTROLLED
Uncontrolled term (035)
655 #7 - INDEX TERM--GENRE/FORM
Genre/form data or focus term kuchárske recepty
Source of term SNKPH
655 #7 - INDEX TERM--GENRE/FORM
Genre/form data or focus term príručky
Source of term SNKPH
700 1# - ADDED ENTRY--PERSONAL NAME
Personal name Poljanšek, Mojca
Relationship aut
700 1# - ADDED ENTRY--PERSONAL NAME
Personal name Lesič, Marianna
Relationship trl
910 ## - USER-OPTION DATA (OCLC)
User-option data snk
910 ## - USER-OPTION DATA (OCLC)
User-option data ukb
942 ## - ADDED ENTRY ELEMENTS (KOHA)
Source of classification or shelving scheme Dewey Decimal Classification
Koha item type Odborná literatúra pre dospelých
Suppress in OPAC No
949 ## - LOCAL PROCESSING INFORMATION (OCLC)
6 1800413667
a SL.D.71018
b PV.2733-2009
949 ## - LOCAL PROCESSING INFORMATION (OCLC)
6 1800413668
a SK.D.39771
b PV.2734-2009
s 6707:20090702
980 ## - EQUIVALENCE OR CROSS-REFERENCE-SERIES STATEMENT--PERSONAL NAME/TITLE [LOCAL, CANADA]
Personal name 641.55:641.561
980 ## - EQUIVALENCE OR CROSS-REFERENCE-SERIES STATEMENT--PERSONAL NAME/TITLE [LOCAL, CANADA]
Personal name 641.561
Holdings
Stav vyradenia Strata Poškodenie Spôsob nadobudnutia Domovská knižnica Aktuálna knižnica Dátum nadobudnutia Total checkouts Čiarový kód exemplára Date last seen Typ exemplára
      Dar Obecná knižnica Belá-Dulice Obecná knižnica Belá-Dulice 28.01.2026   4735903364 28.01.2026 Odborná literatúra pre dospelých
Projekt je podporený Slovenskou asociáciou knižníc
Prevádzkuje Turčianska knižnica Martin 2026